[Event "Brno Duras op-B"]
[Site "Brno"]
[Date "2010.07.04"]
[Round "9"]
[White "Kosina, Vladimir"]
[Black "Schuster, Petr"]
[Result "1/2-1/2"]
[WhiteElo "1874"]
[BlackElo "1907"]
[PlyCount "140"]
[EventDate "2010.06.27"]
[EventType "swiss"]
[EventRounds "9"]
[EventCountry "CZE"]
[SourceTitle "EXT 2011"]
[Source "ChessBase"]
[SourceDate "2010.11.26"]
[SourceVersion "1"]
[SourceVersionDate "2010.11.26"]
[SourceQuality "1"]

1. Nf3 d5 2. g3 Nf6 3. Bg2 c6 4. b3 g6 5. Bb2 Bg7 6. d3 0-0 7. 0-0 h6 8. Qd2 Kh7 9. Nc3 Re8 10. Rad1 Qc7 11. Rfe1 e5 12. h3 Nbd7 13. a4 a5 14. e4 dxe4 15. dxe4 Nc5 16. Ba3 Bf8 17. Bc1 Be6 18. Qe2 Rad8 19. Kh2 Rd7 20. Rxd7 Ncxd7 21. Rd1 Bb4 22. Na2 Nc5 23. Nxb4 axb4 24. Ng1 h5 25. Bg5 Nfd7 26. Bf3 f6 27. Bd2 Bf7 28. Bxb4 Ne6 29. Bc3 Ndc5 30. h4 Rd8 31. Qe1 Nd4 32. Bxd4 exd4 33. Bg2 d3 34. cxd3 Bxb3 35. Rb1 Bc2 36. Ra1 Bxd3 37. f3 Qe5 38. a5 Ba6 39. Ra2 Nd3 40. Qe3 c5 41. Nh3 Qd4 42. Ng5+ fxg5 43. Qxg5 Qd6 44. f4 Qf8 45. f5 Ne5 46. fxg6+ Nxg6 47. Qxh5+ Kg7 48. Qg5 Qf6 49. Qxc5 Rh8 50. Qc7+ Qf7 51. Qxf7+ Kxf7 52. Rf2+ Ke7 53. Rf5 Rf8 54. h5 Rxf5 55. exf5 Ne5 56. Kh3 Kf6 57. h6 Nf7 58. Kh4 Nxh6 59. g4 Nf7 60. Kh5 Nd6 61. Bh3 Be2 62. Bg2 Ba6 63. Bf3 Nc4 64. Be4 Nxa5 65. g5+ Kg7 66. f6+ Kf8 67. Bd5 Bc4 68. Be4 Bf7+ 69. g6 Bxg6+ 70. Kxg6 b5 1/2-1/2

[Event "Brno Duras op-B"]
[Site "Brno"]
[Date "2010.07.03"]
[Round "7"]
[White "Schuster, Petr"]
[Black "Slepanek, Jan"]
[Result "1-0"]
[WhiteElo "1907"]
[BlackElo "1818"]
[PlyCount "86"]
[EventDate "2010.06.27"]
[EventType "swiss"]
[EventRounds "9"]
[EventCountry "CZE"]
[SourceTitle "EXT 2011"]
[Source "ChessBase"]
[SourceDate "2010.11.26"]
[SourceVersion "1"]
[SourceVersionDate "2010.11.26"]
[SourceQuality "1"]

1. d4 c5 2. c3 Qc7 3. dxc5 Qxc5 4. Nf3 d6 5. e4 Nf6 6. Be3 Qc7 7. Nbd2 g6 8. h3 Bg7 9. Qc2 Nc6 10. Be2 0-0 11. 0-0 Bd7 12. Rad1 Rac8 13. Qb1 Rb8 14. Nb3 b5 15. Nbd4 b4 16. c4 Nxd4 17. Nxd4 Qb7 18. Bf3 Qa6 19. b3 Be8 20. Rfe1 Nd7 21. Nb5 Ne5 22. Be2 Rb7 23. Rd2 Qa5 24. Red1 Nc6 25. Rd5 Qd8 26. c5 a6 27. Nd4 Qa8 28. cxd6 e6 29. Rc5 Nxd4 30. Bxd4 Bxd4 31. Rxd4 Qa7 32. Qc2 Bd7 33. Rd1 a5 34. Rc1 a4 35. Bf3 Qb8 36. e5 axb3 37. axb3 Ra7 38. Rc7 Rxc7 39. Qxc7 Rc8 40. Qxb8 Rxb8 41. Rc7 Rd8 42. Rb7 f6 43. exf6 Bc8 1-0

[Event "Brno Duras op-B"]
[Site "Brno"]
[Date "2010.07.01"]
[Round "5"]
[White "Schuster, Petr"]
[Black "Karpilovsky, Mark"]
[Result "1/2-1/2"]
[WhiteElo "1907"]
[BlackElo "1250"]
[PlyCount "100"]
[EventDate "2010.06.27"]
[EventType "swiss"]
[EventRounds "9"]
[EventCountry "CZE"]
[SourceTitle "EXT 2011"]
[Source "ChessBase"]
[SourceDate "2010.11.26"]
[SourceVersion "1"]
[SourceVersionDate "2010.11.26"]
[SourceQuality "1"]

1. d4 Nf6 2. Nf3 g6 3. Bf4 d6 4. h3 Bg7 5. e3 0-0 6. Nbd2 Nbd7 7. Be2 Re8 8. 0-0 e5 9. dxe5 dxe5 10. Bh2 b6 11. Nc4 Ne4 12. Qd5 Ba6 13. Qxe4 b5 14. Na5 c5 15. Nb7 Qc7 16. Rad1 Bxb7 17. Qh4 a6 18. Ng5 Nf6 19. Rd2 h6 20. Nf3 Ne4 21. Rdd1 Qe7 22. Qxe7 Rxe7 23. c3 Kf8 24. Nd2 Ke8 25. Nxe4 Bxe4 26. Rd6 Rd7 27. Rfd1 Rxd6 28. Rxd6 Ke7 29. Rb6 Kd7 30. a4 Kc7 31. a5 Bb7 32. f4 Re8 33. Kf2 Re6 34. Rxe6 fxe6 35. fxe5 Be4 36. Bf3 Bxf3 37. gxf3 c4 38. e4 Kc6 39. Ke3 h5 40. Kf4 Bh6+ 41. Kg3 Bg5 42. f4 Bd8 43. Bg1 Be7 44. Bd4 Kd7 45. Kf3 Bd8 46. Bb6 Be7 47. f5 exf5 48. exf5 gxf5 49. Kf4 Ke6 50. Bc7 Bh4 1/2-1/2

[Event "Brno Duras op-B"]
[Site "Brno"]
[Date "2010.??.??"]
[Round "1"]
[White "Schuster, Petr"]
[Black "Kladnak, Martin"]
[Result "1/2-1/2"]
[WhiteElo "1907"]
[BlackElo "1359"]
[PlyCount "64"]
[EventDate "2010.06.27"]
[EventType "swiss"]
[EventRounds "9"]
[EventCountry "CZE"]
[SourceTitle "EXT 2011"]
[Source "ChessBase"]
[SourceDate "2010.11.26"]
[SourceVersion "1"]
[SourceVersionDate "2010.11.26"]
[SourceQuality "1"]

1. d4 d5 2. Nf3 Nf6 3. Bf4 Bf5 4. h3 e6 5. Nbd2 Nc6 6. a3 Qd7 7. e3 a6 8. Be2 Bd6 9. Ne5 Bxe5 10. dxe5 Ne4 11. Nxe4 Bxe4 12. 0-0 0-0 13. Qd2 Rad8 14. Rad1 Ne7 15. Qc3 Qc6 16. Qxc6 Nxc6 17. Rd2 d4 18. exd4 Rxd4 19. Rxd4 Nxd4 20. Bd1 Nxc2 21. Bxc2 Bxc2 22. Rc1 Be4 23. Rxc7 Bc6 24. f3 h6 25. Kf2 Rd8 26. Ke1 Rd4 27. Bd2 Rd5 28. Bc3 Rd3 29. Kf2 g5 30. Rc8+ Kg7 31. Kg3 Kg6 32. Kh2 Kg7 1/2-1/2

[Event "Brno Duras op-B"]
[Site "Brno"]
[Date "2010.??.??"]
[Round "3"]
[White "Schuster, Petr"]
[Black "Kopka, Josef"]
[Result "1-0"]
[WhiteElo "1907"]
[BlackElo "1000"]
[PlyCount "71"]
[EventDate "2010.06.27"]
[EventType "swiss"]
[EventRounds "9"]
[EventCountry "CZE"]
[SourceTitle "EXT 2011"]
[Source "ChessBase"]
[SourceDate "2010.11.26"]
[SourceVersion "1"]
[SourceVersionDate "2010.11.26"]
[SourceQuality "1"]

1. d4 Nf6 2. Nf3 d5 3. Bf4 e6 4. Nbd2 c5 5. c3 Nc6 6. e3 Be7 7. Bd3 c4 8. Bc2 0-0 9. h3 Nh5 10. Bh2 Nf6 11. 0-0 Bd6 12. Ne5 Qc7 13. f4 b5 14. a3 a5 15. Qf3 Ne7 16. e4 Bb7 17. exd5 Nexd5 18. Qe2 Nd7 19. Ne4 Be7 20. Ng5 Qd8 21. Nxh7 Re8 22. Qh5 Nxe5 23. fxe5 f5 24. exf6 Bxf6 25. Nxf6+ Nxf6 26. Qg6 Rf8 27. Be5 Qe8 28. Qg5 Qh5 29. Bxf6 Qxg5 30. Bxg5 Rfe8 31. Bg6 Rec8 32. Bf7+ Kh7 33. Bxe6 Rc6 34. d5 Rd6 35. Rad1 Bc8 36. Rf8 1-0

[Event "Brno Duras op-B"]
[Site "Brno"]
[Date "2010.??.??"]
[Round "4"]
[White "Zikan, Karel"]
[Black "Schuster, Petr"]
[Result "1-0"]
[WhiteElo "1798"]
[BlackElo "1907"]
[PlyCount "109"]
[EventDate "2010.06.27"]
[EventType "swiss"]
[EventRounds "9"]
[EventCountry "CZE"]
[SourceTitle "EXT 2011"]
[Source "ChessBase"]
[SourceDate "2010.11.26"]
[SourceVersion "1"]
[SourceVersionDate "2010.11.26"]
[SourceQuality "1"]

1. c4 e6 2. Nc3 d5 3. cxd5 exd5 4. d4 c6 5. Nf3 Nf6 6. Bg5 Be7 7. e3 Bf5 8. Bd3 Bxd3 9. Qxd3 0-0 10. 0-0 Nbd7 11. Rab1 Re8 12. b4 b5 13. Rbc1 a5 14. a3 axb4 15. axb4 Bxb4 16. Qb1 Be7 17. Ne2 Qb6 18. Nf4 Ne4 19. Bxe7 Rxe7 20. Qc2 Ra6 21. Nd3 Re8 22. Nb4 Ra4 23. Qxc6 Qxc6 24. Nxc6 Rc4 25. Nce5 Nxe5 26. Nxe5 Rcc8 27. Nc6 Kf8 28. Nb4 Nf6 29. Rfd1 Rc4 30. Nd3 Rec8 31. Kf1 Ne4 32. Ke1 Nc3 33. Rd2 b4 34. Rb2 Na4 35. Rxc4 dxc4 36. Rxb4 cxd3 37. Rxa4 Rc2 38. Ra1 Re2+ 39. Kf1 Rd2 40. g3 Ke7 41. Kg2 Kd6 42. e4 f5 43. Ra6+ Ke7 44. e5 Re2 45. Ra3 Rd2 46. Kf3 Ke6 47. Ke3 Re2+ 48. Kxd3 Rxf2 49. Ra6+ Kf7 50. d5 Rxh2 51. Ra7+ Kf8 52. d6 Rg2 53. e6 Rxg3+ 54. Kd4 Rg1 55. Ra8# 1-0

[Event "Brno Duras op-A"]
[Site "Brno"]
[Date "2009.07.01"]
[Round "6"]
[White "Strnad, Ondrej"]
[Black "Schuster, Petr"]
[Result "1/2-1/2"]
[WhiteElo "1761"]
[BlackElo "1918"]
[PlyCount "95"]
[EventDate "2009.06.26"]
[EventType "swiss"]
[EventRounds "9"]
[EventCountry "CZE"]
[SourceTitle "CBM 131 Extra"]
[Source "ChessBase"]
[SourceDate "2009.09.03"]
[SourceVersion "2"]
[SourceVersionDate "2009.09.16"]
[SourceQuality "1"]

1. d4 d5 2. c4 e6 3. Nc3 Nf6 4. Bg5 Be7 5. Nf3 0-0 6. e3 h6 7. Bh4 Ne4 8. Bxe7 Qxe7 9. Qc2 Nxc3 10. Qxc3 dxc4 11. Bxc4 b6 12. d5 exd5 13. Bxd5 c6 14. Bb3 Bb7 15. 0-0 Nd7 16. Rfd1 Nc5 17. Bc2 Rad8 18. h3 Rfe8 19. Nd4 Qf6 20. Rac1 Ne4 21. Bxe4 Rxe4 22. Qc2 c5 23. Nf3 Ree8 24. Ne1 g6 25. b3 Kg7 26. Rd2 Be4 27. Qb2 Rxd2 28. Qxd2 Rd8 29. Qc3 Qxc3 30. Rxc3 Rd1 31. Kf1 Bxg2+ 32. Ke2 Rxe1+ 33. Kxe1 Bxh3 34. Rd3 Be6 35. f4 Kf6 36. Rd8 Kf5 37. Ra8 b5 38. a4 b4 39. Rxa7 Bxb3 40. Kd2 c4 41. a5 h5 42. a6 h4 43. Rxf7+ Kg4 44. Rb7 Ba4 45. Rxb4 Bb3 46. Rb6 Kf5 47. Rb5+ Kg4 48. Rb6 1/2-1/2

[Event "Brno Duras op-A"]
[Site "Brno"]
[Date "2009.06.28"]
[Round "3"]
[White "Schuster, Petr"]
[Black "Zikan, Karel"]
[Result "1/2-1/2"]
[WhiteElo "1918"]
[BlackElo "1816"]
[PlyCount "54"]
[EventDate "2009.06.26"]
[EventType "swiss"]
[EventRounds "9"]
[EventCountry "CZE"]
[SourceTitle "CBM 131 Extra"]
[Source "ChessBase"]
[SourceDate "2009.09.03"]
[SourceVersion "2"]
[SourceVersionDate "2009.09.16"]
[SourceQuality "1"]

1. e4 c6 2. d4 d5 3. Nc3 dxe4 4. Nxe4 Nd7 5. Bc4 Ngf6 6. Nxf6+ Nxf6 7. Nf3 Bf5 8. c3 e6 9. Bg5 Be7 10. 0-0 0-0 11. Ne5 Nd7 12. Bxe7 Qxe7 13. Qe2 Nxe5 14. Qxe5 Rfd8 15. Rfe1 Qd6 16. f3 Qxe5 17. Rxe5 Rac8 18. Rae1 Kf8 19. Kf2 h6 20. g4 Bh7 21. f4 Rc7 22. R1e3 b6 23. Bb3 Rdc8 24. Rg3 c5 25. d5 exd5 26. Bxd5 f6 27. Re1 Bg8 1/2-1/2

[Event "Brno Duras op-A"]
[Site "Brno"]
[Date "2009.06.27"]
[Round "2"]
[White "Milfort, Vaclav"]
[Black "Schuster, Petr"]
[Result "1/2-1/2"]
[WhiteElo "1731"]
[BlackElo "1918"]
[PlyCount "37"]
[EventDate "2009.06.26"]
[EventType "swiss"]
[EventRounds "9"]
[EventCountry "CZE"]
[SourceTitle "CBM 131 Extra"]
[Source "ChessBase"]
[SourceDate "2009.09.03"]
[SourceVersion "2"]
[SourceVersionDate "2009.09.16"]
[SourceQuality "1"]

1. d4 d5 2. Nf3 Nf6 3. c4 e6 4. Nc3 c5 5. dxc5 Bxc5 6. e3 Nc6 7. Be2 0-0 8. 0-0 a6 9. a3 dxc4 10. Bxc4 b5 11. Be2 Bb7 12. b4 Be7 13. Bb2 Qb6 14. Qb3 Rad8 15. Rfd1 h6 16. Rac1 Rxd1+ 17. Rxd1 Rd8 18. Rxd8+ Qxd8 19. Qd1 1/2-1/2

[Event "Brno op-B"]
[Site "Brno"]
[Date "2007.07.06"]
[Round "7"]
[White "Schuster, Petr"]
[Black "Rakovsky, Jiri"]
[Result "1-0"]
[WhiteElo "1925"]
[BlackElo "1504"]
[PlyCount "89"]
[EventDate "2007.07.01"]
[EventType "swiss"]
[EventRounds "9"]
[EventCountry "CZE"]
[SourceTitle "CBM 119 Extra"]
[Source "ChessBase"]
[SourceDate "2007.09.04"]
[SourceVersion "1"]
[SourceVersionDate "2007.09.04"]
[SourceQuality "1"]

1. d4 d5 2. Nf3 Nf6 3. Bf4 e6 4. c3 c5 5. e3 cxd4 6. exd4 Nbd7 7. h3 Be7 8. Nbd2 0-0 9. Bd3 Nh5 10. Bh2 g6 11. 0-0 Bf6 12. Qe2 Bg7 13. Rfe1 a6 14. a4 Qf6 15. Qe3 Qd8 16. Ne5 Nhf6 17. Ndf3 Nxe5 18. Nxe5 Nd7 19. Ng4 Kh8 20. Qf4 Nf6 21. Ne5 Nh5 22. Nxf7+ Rxf7 23. Qxf7 Qf6 24. Qxf6 Bxf6 25. Be5 Bd7 26. Bxf6+ Nxf6 27. Bc2 Re8 28. g4 Kg7 29. f4 h6 30. Kg2 Re7 31. Kf3 Kf7 32. f5 g5 33. fxe6+ Bxe6 34. Re2 Bd7 35. Rae1 Rxe2 36. Rxe2 Ng8 37. b3 Ne7 38. Re5 Be6 39. Bf5 Bxf5 40. gxf5 h5 41. b4 Kf6 42. Re6+ Kf7 43. Rb6 Nxf5 44. Rxb7+ Ke6 45. Rb6+ 1-0

[Event "Brno op-B"]
[Site "Brno"]
[Date "2007.07.01"]
[Round "1"]
[White "Schuster, Petr"]
[Black "Urbanec, Vladimir"]
[Result "0-1"]
[WhiteElo "1925"]
[BlackElo "1599"]
[PlyCount "50"]
[EventDate "2007.07.01"]
[EventType "swiss"]
[EventRounds "9"]
[EventCountry "CZE"]
[SourceTitle "CBM 119 Extra"]
[Source "ChessBase"]
[SourceDate "2007.09.04"]
[SourceVersion "1"]
[SourceVersionDate "2007.09.04"]
[SourceQuality "1"]

1. d4 Nf6 2. Nf3 g6 3. Bf4 d6 4. h3 Bg7 5. e3 c6 6. c4 0-0 7. Nc3 Nbd7 8. Be2 Re8 9. 0-0 b6 10. Qc2 Nh5 11. Bh2 Bb7 12. Rfd1 d5 13. cxd5 cxd5 14. Qb3 e5 15. Nxe5 Nxe5 16. dxe5 Bxe5 17. Bxe5 Rxe5 18. Bf3 Nf6 19. Rd4 Qe7 20. Rad1 Rd8 21. e4 Re8 22. Nxd5 Nxd5 23. exd5 Re1+ 24. Rxe1 Qxe1+ 25. Kh2 Qe5+ 0-1

[Event "Brno Trade op"]
[Site "Brno"]
[Date "2006.08.27"]
[Round "1"]
[White "Schuster, Petr"]
[Black "Nehybka, Jiri"]
[Result "0-1"]
[WhiteElo "1973"]
[BlackElo "2229"]
[PlyCount "68"]
[EventDate "2006.08.27"]
[EventType "swiss"]
[EventRounds "9"]
[EventCountry "CZE"]
[SourceTitle "EXT 2007"]
[Source "ChessBase"]
[SourceDate "2006.11.23"]
[SourceVersion "1"]
[SourceVersionDate "2006.11.23"]
[SourceQuality "1"]

1. d4 Nf6 2. Nf3 d5 3. Bf4 e6 4. Nbd2 c5 5. c3 Nc6 6. e3 Bd6 7. Bxd6 Qxd6 8. Bb5 0-0 9. 0-0 Nd7 10. Bxc6 bxc6 11. Qe2 a5 12. Rfe1 Ba6 13. Qd1 Bd3 14. h3 Rfb8 15. dxc5 Nxc5 16. Nb3 Be4 17. Nfd2 Nd3 18. Nxe4 dxe4 19. Re2 c5 20. Rb1 Qd5 21. Qc2 a4 22. Nc1 c4 23. Rd2 Qf5 24. Nxd3 exd3 25. Qd1 g6 26. b3 axb3 27. axb3 Rxb3 28. Rxb3 cxb3 29. Qxb3 Ra1+ 30. Rd1 Qa5 31. Rxa1 Qxa1+ 32. Kh2 Qa5 33. f4 d2 34. Kg3 Qh5 0-1

[Event "Brno op"]
[Site "Brno"]
[Date "2005.07.08"]
[Round "7"]
[White "Schuster, Petr"]
[Black "Folta, Jaroslav"]
[Result "1/2-1/2"]
[WhiteElo "1983"]
[BlackElo "2015"]
[PlyCount "56"]
[EventDate "2005.07.02"]
[EventType "swiss"]
[EventRounds "7"]
[EventCountry "CZE"]
[SourceTitle "EXT 2006"]
[Source "ChessBase"]
[SourceDate "2005.11.24"]
[SourceVersion "1"]
[SourceVersionDate "2005.11.24"]
[SourceQuality "1"]

1. e4 e6 2. d4 b6 3. Nf3 Bb7 4. Bd3 Nc6 5. c3 Nge7 6. 0-0 Ng6 7. Qe2 Be7 8. Be3 0-0 9. e5 d6 10. Be4 a5 11. Rd1 f5 12. exf6 Bxf6 13. Qd3 Qe8 14. d5 Nce5 15. Nxe5 Bxe5 16. g3 exd5 17. Bxd5+ Bxd5 18. Qxd5+ Qf7 19. Qxf7+ Rxf7 20. Nd2 h5 21. f4 Bf6 22. Nf3 Re7 23. Rd3 Rae8 24. Kf2 Re4 25. Re1 Kf7 26. Bd2 h4 27. Rxe4 hxg3+ 28. hxg3 Rxe4 1/2-1/2

[Event "Bohemia South-chT 0405"]
[Site "Czech Republic"]
[Date "2005.??.??"]
[Round "?"]
[White "Schuster, Petr"]
[Black "Hejny, Jaroslav"]
[Result "1/2-1/2"]
[WhiteElo "1960"]
[BlackElo "1925"]
[PlyCount "51"]
[EventDate "2004.10.??"]
[EventType "team"]
[EventRounds "11"]
[EventCountry "CZE"]
[SourceTitle "EXT 2007"]
[Source "ChessBase"]
[SourceDate "2006.11.23"]
[SourceVersion "1"]
[SourceVersionDate "2006.11.23"]
[SourceQuality "1"]

1. Nf3 d5 2. c4 e6 3. g3 Nf6 4. Bg2 Nbd7 5. b3 b6 6. 0-0 Be7 7. Bb2 Bb7 8. e3 0-0 9. Qe2 a5 10. Nc3 Nc5 11. d3 dxc4 12. dxc4 Qd3 13. Rfd1 Qxe2 14. Nxe2 Rad8 15. Be5 Rxd1+ 16. Rxd1 Rd8 17. Rxd8+ Bxd8 18. Nfd4 Bxg2 19. Kxg2 Nfd7 20. Nc6 Nxe5 21. Nxe5 Kf8 22. f3 Bf6 23. Nc6 Ke8 24. e4 Kd7 25. Ncd4 Bxd4 26. Nxd4 1/2-1/2

[Event "Brno Trade op"]
[Site "Brno"]
[Date "2004.09.03"]
[Round "6"]
[White "Stanek, Stanislav"]
[Black "Schuster, Petr"]
[Result "1/2-1/2"]
[WhiteElo "2109"]
[BlackElo "1968"]
[PlyCount "86"]
[EventDate "2004.08.??"]
[EventType "swiss"]
[EventRounds "9"]
[EventCountry "CZE"]
[SourceTitle "CBM 103 Extra"]
[Source "ChessBase"]
[SourceDate "2005.01.01"]
[SourceVersion "1"]
[SourceVersionDate "2005.01.01"]
[SourceQuality "1"]

1. d4 d5 2. Bg5 Bf5 3. e3 Nd7 4. Bd3 Bxd3 5. Qxd3 c6 6. Nf3 Ngf6 7. Nbd2 e6 8. Ne5 Be7 9. f4 Nxe5 10. fxe5 Nd7 11. Bxe7 Qxe7 12. c3 0-0 13. 0-0 f6 14. exf6 Rxf6 15. e4 Raf8 16. e5 Rxf1+ 17. Rxf1 Rxf1+ 18. Nxf1 Qg5 19. Ne3 c5 20. b3 a6 21. g3 b5 22. Kf2 Qh5 23. h4 Qf7+ 24. Kg2 Qh5 25. a3 c4 26. bxc4 bxc4 27. Qd1 Qg6 28. Qg4 Qxg4 29. Nxg4 Nb6 30. Ne3 Kf7 31. Kf3 Na4 32. Nd1 h5 33. Ke3 Kg6 34. Kf4 Kh6 35. g4 g6 36. g5+ Kg7 37. Ke3 Kf7 38. Kd2 Nb6 39. Kc2 Nc8 40. Ne3 Ne7 41. Kd2 a5 42. Ke2 Nc8 43. Nd1 Na7 1/2-1/2

[Event "Brno Trade op"]
[Site "Brno"]
[Date "2004.08.29"]
[Round "1"]
[White "Hlavac, Rudolf"]
[Black "Schuster, Petr"]
[Result "1/2-1/2"]
[WhiteElo "2165"]
[BlackElo "1968"]
[PlyCount "137"]
[EventDate "2004.08.??"]
[EventType "swiss"]
[EventRounds "9"]
[EventCountry "CZE"]
[SourceTitle "CBM 103 Extra"]
[Source "ChessBase"]
[SourceDate "2005.01.01"]
[SourceVersion "1"]
[SourceVersionDate "2005.01.01"]
[SourceQuality "1"]

1. e4 c6 2. d4 d5 3. Nc3 dxe4 4. Nxe4 Nd7 5. Bc4 Ngf6 6. Ng5 e6 7. Qe2 Nb6 8. Bb3 h6 9. N5f3 a5 10. a3 a4 11. Ba2 c5 12. Bf4 Nbd5 13. Be5 Bd7 14. Rd1 cxd4 15. Nxd4 Be7 16. Ngf3 0-0 17. 0-0 Qc8 18. Rfe1 Re8 19. h3 Ra5 20. Nh2 b5 21. c3 Qb7 22. Bb1 Ra6 23. Rd3 Bd6 24. Rg3 Bxe5 25. Qxe5 Qc7 26. Qe2 e5 27. Nxb5 Qb6 28. c4 Nf4 29. Qc2 Bxb5 30. cxb5 Qxb5 31. Ng4 N4h5 32. Rc3 Rb6 33. Rc7 Qxb2 34. Qxa4 Rbe6 35. Qa7 Nxg4 36. hxg4 Qd2 37. Kf1 Ng3+ 38. fxg3 Rf6+ 39. Bf5 g6 40. Qe3 Qxe3 41. Rxe3 gxf5 42. gxf5 Rxf5+ 43. Rf3 Rxf3+ 44. gxf3 Ra8 45. Rc3 Kg7 46. Kg2 Kg6 47. Kh3 f5 48. Re3 Ra5 49. Rc3 Kg5 50. Re3 f4 51. Rb3 fxg3 52. Kxg3 h5 53. Re3 h4+ 54. Kh3 Kf4 55. Rb3 Ra8 56. a4 Rxa4 57. Kxh4 Ra2 58. Kh3 Rf2 59. Rb5 Rxf3+ 60. Kg2 e4 61. Ra5 Rb3 62. Rh5 Rb2+ 63. Kf1 Ke3 64. Rh3+ Kd4 65. Ke1 Ra2 66. Rg3 Ra1+ 67. Ke2 Ra2+ 68. Ke1 e3 69. Rg8 1/2-1/2

[Event "Brno Petria-A"]
[Site "Brno"]
[Date "2004.03.30"]
[Round "9"]
[White "Sevcik, Jakub"]
[Black "Schuster, Petr"]
[Result "1/2-1/2"]
[WhiteElo "1895"]
[BlackElo "1969"]
[PlyCount "135"]
[EventDate "2004.02.24"]
[EventType "tourn"]
[EventRounds "9"]
[EventCountry "CZE"]
[SourceTitle "EXT 2006"]
[Source "ChessBase"]
[SourceDate "2005.11.24"]
[SourceVersion "1"]
[SourceVersionDate "2005.11.24"]
[SourceQuality "1"]

1. e4 c6 2. d4 d5 3. exd5 cxd5 4. c4 Nf6 5. Nc3 e6 6. Nf3 Bb4 7. Bd3 dxc4 8. Bxc4 0-0 9. 0-0 b6 10. Qb3 Be7 11. Bf4 Nc6 12. Rfd1 Na5 13. Qa4 Nxc4 14. Qxc4 Bb7 15. Ne5 Rc8 16. Qb3 Nd5 17. Nxd5 Qxd5 18. Qxd5 Bxd5 19. Rdc1 f6 20. Nf3 Bxf3 21. gxf3 Rfd8 22. Rxc8 Rxc8 23. Rc1 Rxc1+ 24. Bxc1 Kf7 25. Bf4 Ke8 26. Kf1 Kd7 27. Ke2 Kc6 28. Kd3 Kd5 29. Bb8 a6 30. h3 b5 31. b3 Ba3 32. f4 Bb2 33. Ba7 g5 34. fxg5 fxg5 35. f3 e5 36. dxe5 Kxe5 37. Be3 Kf5 38. a4 Be5 39. axb5 axb5 40. Ke2 Bf4 41. Bd4 Ke6 42. Bb6 Kd5 43. Kd3 Bd6 44. Be3 Be7 45. Bd4 Bd6 46. Bf6 Bf4 47. Bd4 Be5 48. Be3 Bf6 49. Bb6 Be7 50. Bd4 Bd6 51. Be3 Bf4 52. Bd4 Bc1 53. Bb6 Ke5 54. Bc7+ Kf5 55. Ke2 Bf4 56. Bb6 Ke5 57. Bc7+ Kd4 58. Ba5 Bd6 59. Bd2 h6 60. Be1 Be7 61. Bd2 Ba3 62. Be1 Bb2 63. Bd2 Bc3 64. Be3+ Ke5 65. Kd3 Bb2 66. Bd2 Kf5 67. Be3 Be5 68. Ke2 1/2-1/2

[Event "Brno Petria-A"]
[Site "Brno"]
[Date "2004.03.25"]
[Round "8"]
[White "Schuster, Petr"]
[Black "Doskar, Miloslav"]
[Result "1-0"]
[WhiteElo "1969"]
[BlackElo "1701"]
[PlyCount "79"]
[EventDate "2004.02.24"]
[EventType "tourn"]
[EventRounds "9"]
[EventCountry "CZE"]
[SourceTitle "EXT 2006"]
[Source "ChessBase"]
[SourceDate "2005.11.24"]
[SourceVersion "1"]
[SourceVersionDate "2005.11.24"]
[SourceQuality "1"]

1. Nf3 d5 2. c4 Nf6 3. cxd5 Nxd5 4. d4 e6 5. e4 Nf6 6. Nc3 Be7 7. Bd3 h6 8. 0-0 0-0 9. h3 Nbd7 10. Qe2 c6 11. e5 Nd5 12. Qe4 f5 13. exf6 N7xf6 14. Qe2 Qc7 15. Ne5 Bd6 16. Bd2 c5 17. Nb5 Qe7 18. Ng6 Qd7 19. Nxd6 Qxd6 20. Nxf8 Qxf8 21. dxc5 Qxc5 22. Rac1 Qe7 23. Qe5 Bd7 24. Rfe1 Kf7 25. Bc4 Bc6 26. Bxd5 Nxd5 27. Bc3 Rg8 28. Qh5+ Kf8 29. Bd2 Qf6 30. Qe5 Kf7 31. Qh5+ Ke7 32. Qe5 Qf7 33. Be3 Re8 34. Bc5+ Kd7 35. Qd6+ Kc8 36. Bxa7 Qg6 37. Rxc6+ bxc6 38. Qxc6+ Nc7 39. Rc1 Qf7 40. Bb6 1-0

[Event "Brno Petria-A"]
[Site "Brno"]
[Date "2004.03.02"]
[Round "3"]
[White "Schuster, Petr"]
[Black "Cesek, Liboslav"]
[Result "1/2-1/2"]
[WhiteElo "1969"]
[BlackElo "1753"]
[PlyCount "46"]
[EventDate "2004.02.24"]
[EventType "tourn"]
[EventRounds "9"]
[EventCountry "CZE"]
[SourceTitle "EXT 2006"]
[Source "ChessBase"]
[SourceDate "2005.11.24"]
[SourceVersion "1"]
[SourceVersionDate "2005.11.24"]
[SourceQuality "1"]

1. Nf3 Nf6 2. g3 e6 3. c4 d5 4. Bg2 c6 5. b3 Nbd7 6. Bb2 Qc7 7. d4 Bb4+ 8. Nbd2 Ne4 9. 0-0 Nxd2 10. Nxd2 0-0 11. a3 Be7 12. e4 dxe4 13. Nxe4 Nf6 14. Ng5 h6 15. Nf3 Bd7 16. Ne5 Rfd8 17. Qe2 Be8 18. b4 a5 19. Bc3 axb4 20. axb4 Qb6 21. Rab1 Ra3 22. Qc2 Rda8 23. b5 cxb5 1/2-1/2